Tiếp tục đẩy mạnh việc xây dựng đội ngũ cán bộ, công chức, viên chức, kiểm toán viên nhà nước trong sạch, vững mạnh đáp ứng yêu cầu, nhiệm vụ trong tình hình mới /

Shranjeno v:
Bibliografske podrobnosti
Glavni avtor: KT.
Format: Bài viết
Jezik:Vietnamese
Teme:
Oznake: Označite
Brez oznak, prvi označite!
Thư viện lưu trữ: Thư viện Trường Đại học Đà Lạt
LEADER 00911nam a2200265 4500
001 DLU120135949
005 ##20120604
040 # # |a DLU  |b vie 
041 # # |a vie 
044 # # |a vn 
100 # # |a KT. 
245 # # |a Tiếp tục đẩy mạnh việc xây dựng đội ngũ cán bộ, công chức, viên chức, kiểm toán viên nhà nước trong sạch, vững mạnh đáp ứng yêu cầu, nhiệm vụ trong tình hình mới /  |c KT. 
653 # # |a Đào tạo nguồn nhân lực 
653 # # |a Đạo đức nghề nghiệp 
653 # # |a Công tác cán bộ 
773 # # |t Tạp chí Kiểm toán  |g Số 2, 2010, tr. 6 
920 # # |a Phòng Tạp chí -- Trung tâm Thông tin - Thư viện Trường Đại học Đà Lạt 
994 # # |a DLU 
900 # # |a True 
911 # # |a Nguyễn Thị Linh Chi 
925 # # |a G 
926 # # |a A 
927 # # |a BB 
980 # # |a Thư viện Trường Đại học Đà Lạt